000 00720nam a2200229 i 4500
001 C2-0324205
003 PPAK
005 20180728122614.0
008 131128s2002 nyua|||| ||||| | eng d
020 _a9780618249060
040 _aPPAK
_beng
_cPPAK
_erda
082 0 4 _a363.7384
_223
090 0 0 _a363.7384
_bCAR
_dLCK
100 1 _aCarson,Rachel,
_eauthor
245 1 0 _aSilent Spring :
_bthe classic that launched the enviromental movement
264 1 _aPark Avenue South, New York :
_bMariner Book Houghton Mifflin Harcourt ,
_c2002
300 _a(viii),378 pages :
_billustrations ;
_c21 cm
336 _2rdacontent
_atext
337 _2rdamedia
_aunmediated
338 _2rdacarrier
_avolume
942 _ddc
_cB
999 _c124188
_d124188